| Поле | Название | Значение |
| |
Тип записи |
a |
| |
Библиографический уровень |
m |
| 001 |
Контрольный номер |
c173725e22a24646b7f632cfc60bd07d |
| 005 |
Дата корректировки |
20260401145750.8 |
| 010 |
Индекс ISBN |
__ |
| a |
ISBN |
978-5-00155-687-9 |
| b |
Уточнения |
в пер. |
| b |
Уточнения |
Яуза-каталог |
| 010 |
Индекс ISBN |
__ |
| a |
ISBN |
978-5-535-43738-5 |
| b |
Уточнения |
Литрес |
| d |
Цена |
708-95 |
| 100 |
Данные общей обработки |
__ |
| a |
Данные общей обработки |
20260326d2026 am y0rusy028902 ca |
| 101 |
Язык документа |
0_ |
| a |
Язык текста |
rus |
| 102 |
Страна публикации |
__ |
| a |
Страна публикации |
RU |
| 105 |
Кодированные данные (монография) |
__ |
| a |
Кодированные данные (монография) |
y z 000yy |
| 181 |
Поле кодированных данных: вид содержания |
_0 |
| a |
Код вида содержания (ISBD) |
i |
| 182 |
Поле кодированных данных: тип средства |
_0 |
| a |
Код типа средства (ISBD) |
n |
| 200 |
Заглавие и сведения об ответственности |
1_ |
| a |
Заглавие |
Тайная невеста |
| 203 |
Вид содержания и тип средства |
__ |
| a |
Вид содержания |
Текст |
| c |
Тип средства |
непосредственный |
| 210 |
Выходные данные |
1_ |
| d |
Дата издания |
2026 |
| 215 |
Физическое описание |
__ |
| a |
Объем |
349, [2] с. |
| d |
Формат |
21 см |
| 330 |
Аннотация |
__ |
| a |
Аннотация |
Магичка Эрика готова сделать все, лишь бы доказать, что достойна своих славных предков. Даже несмотря на низкий уровень магии, девушка стремится проявить себя в академии наилучшим образом. Доказать, что она чего-то стоит. Но то и дело появляются какие-то сложности. Однажды утром Эрика узнает, что помолвлена с неизвестным женихом. Разумеется, против собственной воли. Просто сын знатного семейства влюбился до беспамятства в неподходящую партию, и брак Эрики с ним может стать выгодным для всех. К тому же для семьи Эрики — это единственная возможность разобраться со всеми долгами. Конечно же, ни Эрика, ни юный лорд не хотят этого брака. Похоже, выбора у них нет, остается только узнать друг друга получше и, возможно, объединиться. Что будет, когда эта пара поневоле окажется вместе? Ответы на все эти вопросы вы найдете на страницах книги Анны Гавриловой. |
| 333 |
Примечание о целевом назначении |
__ |
| a |
Примечание о целевом назначении |
16+. Для детей старше 16 лет |
| 461 |
Уровень набора |
_0 |
| 1 |
|
700 1 |
| a |
|
Гаврилова |
| b |
|
А. С. |
| g |
|
Анна Сергеевна |
| f |
|
1983- |
| 1 |
|
2001 |
| a |
|
Лорд, который влюбился |
| f |
|
Анна Гаврилова |
| v |
|
Ч. 1 |
| 1 |
|
2101 |
| a |
|
Москва |
| c |
|
Литрес |
| c |
|
Яуза |
| c |
|
Яуза-каталог |
| d |
|
2024 |
| 1 |
|
001d619c03a87214ec4a101f1c953b60923 |
| 1 |
|
203 |
| a |
|
Текст |
| c |
|
непосредственный |
| 606 |
Тематические рубрики |
__ |
| 2 |
Код системы |
nlr_sh |
| a |
Основная рубрика |
Художественная литература |
| 606 |
Тематические рубрики |
__ |
| 2 |
Код системы |
nlr_sh |
| a |
Основная рубрика |
Современная русская литература (произведения) |
| 610 |
Ключевые слова |
0_ |
| a |
Ключевые слова |
романы |
| 610 |
Ключевые слова |
0_ |
| a |
Ключевые слова |
молодежные романы |
| 610 |
Ключевые слова |
0_ |
| a |
Ключевые слова |
молодежная литература |
| 610 |
Ключевые слова |
0_ |
| a |
Ключевые слова |
фэнтезийные романы |
| 610 |
Ключевые слова |
0_ |
| a |
Ключевые слова |
фэнтези |
| 610 |
Ключевые слова |
0_ |
| a |
Ключевые слова |
романтическое фэнтези |
| 610 |
Ключевые слова |
0_ |
| a |
Ключевые слова |
любовные романы |
| 610 |
Ключевые слова |
0_ |
| a |
Ключевые слова |
тема магии |
| 610 |
Ключевые слова |
0_ |
| a |
Ключевые слова |
тема любви |
| 610 |
Ключевые слова |
0_ |
| a |
Ключевые слова |
тема невест |
| 610 |
Ключевые слова |
0_ |
| a |
Ключевые слова |
тема женихов |
| 610 |
Ключевые слова |
0_ |
| a |
Ключевые слова |
young adult |
| 610 |
Ключевые слова |
0_ |
| a |
Ключевые слова |
маги |
| 610 |
Ключевые слова |
0_ |
| a |
Ключевые слова |
тема магов |
| 610 |
Ключевые слова |
0_ |
| a |
Ключевые слова |
юмористическое фэнтези |
| 610 |
Ключевые слова |
0_ |
| a |
Ключевые слова |
приключенческое фэнтези |
| 610 |
Ключевые слова |
0_ |
| a |
Ключевые слова |
магические школы |
| 610 |
Ключевые слова |
0_ |
| a |
Ключевые слова |
любовное фэнтези |
| 610 |
Ключевые слова |
0_ |
| a |
Ключевые слова |
романы-дилогии |
| 686 |
Индексы других классификаций |
__ |
| 2 |
Код системы |
rubbks |
| a |
Классификационный индекс |
84(2=411.2)6-445 |
| 801 |
Источник записи |
_0 |
| a |
Страна |
RU |
| b |
Организация |
Муниципальное бюджетное учреждение культуры "Централизованная библиотечная система" г. Сургут (Центральная городская библиотека им. А. С. Пушкина) |
| c |
Дата составления |
20260326 |
| g |
Правила каталогизации |
PSBO |
| 801 |
Источник записи |
_1 |
| a |
Страна |
RU |
| b |
Организация |
Муниципальное бюджетное учреждение культуры "Централизованная библиотечная система" г. Сургут (Центральная городская библиотека им. А. С. Пушкина) |
| c |
Дата составления |
20260326 |
| g |
Правила каталогизации |
PSBO |
| 852 |
Данные о местонахождении |
__ |
| i |
Авторский знак |
Г 12 |
| j |
Шифр хранения |
84(2=411.2)6-445 |
| 900 |
Макрообъекты |
__ |
| a |
Макрообъекты |
Тайная невеста. Гаврилова, А. С., Ч. 1, 2026 |
| 901 |
Тип документа |
__ |
| t |
Тип документа |
n |
| w |
Контрольный № источника |
d619c03a87214ec4a101f1c953b60923 |
| a |
Ответственный |
КиК/Обаева |
| 901 |
Тип документа |
__ |
| a |
Ответственный |
4 партия |
| 903 |
Характеристики (МАРС) |
__ |
| c |
Наименование библиотеки (МАРС) |
Муниципальное бюджетное учреждение культуры "Централизованная библиотечная система" г. Сургут (Центральная городская библиотека им. А. С. Пушкина) |
| a |
Дата передачи |
20260326 |
| 969 |
Тип издания |
__ |
| a |
Тип издания |
молодежное издание |
| 990 |
Данные о заказе (DOS) |
__ |
| j |
Количество экземпляров (DOS) |
6 |
| t |
N записи в КСУ для И/У (DOS) |
202604 |